LEADER 00764nam a2200205 i 4500 001 000000169269 003 CaOOAMICUS 005 20080214000000.0 008 080214s1908 it u000 u ita u 013 $a146672 040 $aSeMil$bita 100 1 $aDe Amicis, Edmondo,$d<1846-1908>.$0(OLS)http://semarc/name/11356 245 10$aMarocco /$cDi Edmondo De Amicis. 260 $aMilano :$bFratelli Treves,$c1908. 300 $a483 p. ;$c20 cm. 650 4$aMarocco - Descrizioni e viaggi.$0(OLS)http://semarc/subject/5901 850 $aSeMil 852 $aSeMil$W1$xVenegono$y1$m1C II 74$j240612$B120224$CSeMilBibl$Z2$F131529 $81 996 $6245$aMarocco$9(OLS)http://semarc/title/161430 996 $6260$aMilano :$bFratelli Treves$9(OLS)http://semarc/publisher/30212 LEADER 00661nam a2200169 i 4500 001 000000242592 003 CaOOAMICUS 005 20150609000000.0 008 150609s1862 it u000 u ita u 013 $a221497 040 $aSeMil$bita 245 10$aVol. 3. 300 $a624 p. 773 0 $aVandoni, Francesco $tSpiegazioni de' Vangeli di tutte le domeniche dell'anno coll'aggiunta di altri sermoni e panegirici.$dMilano : Ditta Boniardi-Pogliani di Ermenegildo Besozzi, 1862.$g3$w()32014 850 $aSeMil 852 $aSeMil$W1$xVenegono$y1$m3F IV 13 FA$j192938$B192938$CSeMilBibl$Z2$F203703 $8I 996 $6245$aVol. 3$9(OLS)http://semarc/title/80712 LEADER 00721nam a2200193 i 4500 001 000000006588 003 CaOOAMICUS 005 20180830125438.0 008 180830s1998 gw u000 u und u 040 $aSeMil$bita 245 10$aLexikon der Bioethik. 650 4$aBioetica - Enciclopedie e dizionari.$0(OLS)http://semarc/subject/1001 700 1 $aKorff, Wilhelm.$0(OLS)http://semarc/name/3451 700 1 $aMikat, Paul.$0(OLS)http://semarc/name/3453 700 1 $aBeck, Lutwin.$0(OLS)http://semarc/name/3452 774 0 $tA-F.$z3-579-00232-5$gBand1$w()67897 774 0 $tG-Pa.$z3-579-00233-3$gBand2$w()102861 774 0 $tPe-Z.$z3-579-00234-1$gBand3$w()102863 996 $6245$aLexikon der Bioethik$9(OLS)http://semarc/title/8777 LEADER 00886nam a2200229 i 4500 001 000000207768 003 CaOOAMICUS 005 20111105000000.0 008 111105s1968 it u000 u ita u 013 $a186551 040 $aSeMil$bita 100 1 $aMaldini, Sergio.$0(OLS)http://semarc/name/74571 245 13$aIl giornalista riluttante /$cSergio Maldini. 260 $aBologna :$bIl Mulino,$ccopyr. 1968. 300 $a581 p. ;$c22 cm. 490 0 $aLa specola contemporanea 650 4$aGiornalismo e letteratura.$0(OLS)http://semarc/subject/38992 830 3$aLa specola contemporanea.$0(OLS)http://semarc/title/24357 850 $aSeMil 852 $aSeMil$W1$xVenegono$y1$m3U IV 214$j158227$B158227$CSeMilBibl$Z2$F169446 $81 996 $6245$aIl giornalista riluttante$9(OLS)http://semarc/title/300420 996 $6260$aBologna :$bIl Mulino$9(OLS)http://semarc/publisher/29842 LEADER 01284nam a2200277 i 4500 001 000000117597 003 CaOOAMICUS 005 20030902000000.0 008 030902s1996 it u000 u mul u 013 $a90286 020 $a88-372-1612-2 040 $aSeMil$bita 100 1 $aPietro : Canisio .$0(OLS)http://semarc/name/420 245 12$aI fioretti di Santa Ida di Fischingen /$cPietro Canisio ; traduzione, introduzione e Appendice di Ilsemarie Brandmair Dallera ; prefazione e tavole lessicologiche di Roberto Busa. 260 $aBrescia :$bMorcelliana,$ccopyr. 1996. 300 $a302 p., [8] p. di tav. :$bill., tabelle ;$c23 cm. 500 $aContiene : Appendice. - Fondo Card. C.M. Martini. 700 1 $aBrandmair Dallera, Ilsemarie.$0(OLS)http://semarc/name/46402 700 1 $aBusa, Roberto,$c.$0(OLS)http://semarc/name/8670 850 $aSeMil 852 $aSeMil$W1$xVenegono$y1$m3H IV 69$j72963$B72963$CSeMilBibl$Z2$F79141 $81 941 1 $a4 961 $aOmaggio: Martini Card. Carlo Maria 996 $6020$a88-372-1612-2$9(OLS)http://semarc/number/102013 996 $6245$aI fioretti di Santa Ida di Fischingen$9(OLS)http://semarc/title/172629 996 $6260$aBrescia :$bMorcelliana$9(OLS)http://semarc/publisher/29629